000 00505nam a2200181Ia 4500
001 19952
005 20260306172730.0
008 260306t2010||||xx |||||||||||||| ||spa||
041 _aESP
082 _a341.7
_bZ945
100 _aZimmermann, Reinhard
_eAUT
245 0 _aDerecho romano, derecho contemporáneo, derecho europeo:
_bla tradición del derecho civil en la actualidad
260 _c2010
300 _a229 páginas :
_c21 cm.
650 _aGEN
654 _aCDE
942 _cLIB
_dJUS
_fJUS
_2ddc
_n
999 _c19952
_d19952